[Event "BCF-ch PM U1750 op"]
[Site "Hull"]
[Date "2024.08.03"]
[Round "6"]
[White "Spencer, Steve A"]
[Black "Patel, Diah Dipal"]
[Result "1-0"]
[WhiteElo "1553"]
[BlackElo "1460"]
[PlyCount "49"]
[EventDate "2024.07.29"]
[EventType "swiss"]
[EventRounds "6"]
[EventCountry "ENG"]
[SourceTitle "CBM 221 Extra"]
[Source "ChessBase"]
[SourceDate "2024.09.30"]
[SourceVersion "1"]
[SourceVersionDate "2024.09.30"]
[SourceQuality "1"]

1. d4 d5 2. Nf3 Nf6 3. Bg5 h6 4. Bxf6 exf6 5. e3 g5 6. Bd3 Bg7 7. 0-0 0-0 8. c4 dxc4 9. Bxc4 g4 10. Ne1 f5 11. Nd3 Nd7 12. Nf4 Nf6 13. Nc3 b6 14. Qb3 Bb7 15. Ng6 Qd6 16. Nxf8 Rxf8 17. Rad1 f4 18. d5 f3 19. g3 Qe5 20. Qc2 Qh5 21. Ne2 fxe2 22. Qxe2 Nxd5 23. Bxd5 Bxd5 24. h4 gxh3 25. Qxh5 1-0

[Event "BCF-ch PM U1750 op"]
[Site "Hull"]
[Date "2024.08.02"]
[Round "5"]
[White "Iyer, Rishabh"]
[Black "Spencer, Steve A"]
[Result "0-1"]
[WhiteElo "1021"]
[BlackElo "1553"]
[PlyCount "86"]
[EventDate "2024.07.29"]
[EventType "swiss"]
[EventRounds "6"]
[EventCountry "ENG"]
[SourceTitle "CBM 221 Extra"]
[Source "ChessBase"]
[SourceDate "2024.09.30"]
[SourceVersion "1"]
[SourceVersionDate "2024.09.30"]
[SourceQuality "1"]

1. d4 d5 2. Nf3 Nf6 3. g3 Bg4 4. Bg2 e6 5. 0-0 Be7 6. c4 c6 7. b3 Nbd7 8. Nc3 0-0 9. Bb2 h6 10. Rc1 Rc8 11. Re1 Bb4 12. a3 Bxc3 13. Bxc3 Ne4 14. Ba1 f5 15. Nh4 Bh5 16. Qc2 g5 17. Nf3 g4 18. Nd2 Qf6 19. f3 Nxd2 20. Qxd2 Qg5 21. Qxg5+ hxg5 22. c5 gxf3 23. exf3 Bf7 24. Kf2 Kg7 25. Rh1 Nf6 26. h4 gxh4 27. gxh4 Rh8 28. Rh3 Rh6 29. Rch1 Nh5 30. Bc3 f4 31. Rg1 Rg6 32. Bf1 Rxg1 33. Kxg1 Bg6 34. Rh2 Kf6 35. Re2 Bd3 36. Re5 Bf5 37. b4 Rg8+ 38. Kf2 Rh8 39. Be1 Ng3 40. Be2 Rxh4 41. Bd1 Rh1 42. Bb3 Bh3 43. Bc3 Rf1# 0-1

[Event "BCF-ch AM U1600 op"]
[Site "Hull"]
[Date "2024.07.31"]
[Round "3"]
[White "Cavi, Alexander"]
[Black "Spencer, Steve A"]
[Result "0-1"]
[WhiteElo "1296"]
[BlackElo "1553"]
[PlyCount "130"]
[EventDate "2024.07.29"]
[EventType "swiss"]
[EventRounds "6"]
[EventCountry "ENG"]
[SourceTitle "CBM 221 Extra"]
[Source "ChessBase"]
[SourceDate "2024.09.30"]
[SourceVersion "1"]
[SourceVersionDate "2024.09.30"]
[SourceQuality "1"]

1. e4 e6 2. Nc3 c5 3. Nf3 Nc6 4. d4 d5 5. e5 a6 6. Be2 Qb6 7. 0-0 Bd7 8. Na4 Qa7 9. b3 Nxd4 10. Nxd4 Bxa4 11. bxa4 cxd4 12. Bb2 Bc5 13. Rc1 Ne7 14. c3 dxc3 15. Bxc3 0-0 16. Bd3 Ng6 17. Qc2 Bd4 18. Bb4 Rfe8 19. Bxg6 fxg6 20. Bd6 Qb6 21. h3 Qb2 22. Qxb2 Bxb2 23. Rb1 Bd4 24. Rxb7 h5 25. Rd1 Bc3 26. Rd3 d4 27. Rf3 Bd2 28. h4 Bh6 29. Rd3 Rac8 30. Rxd4 g5 31. hxg5 Bxg5 32. f4 Bh6 33. Ra7 Rc2 34. Rxa6 Rxa2 35. g3 Rc8 36. Rd1 Rcc2 37. Ra8+ Kh7 38. Bb4 Rg2+ 39. Kh1 Rxg3 40. Rd2 Ra1+ 41. Kh2 Rb3 42. Rd4 Ra2+ 43. Bd2 Rxd2+ 44. Rxd2 Bxf4+ 45. Kg1 Bxd2 46. Re8 Ra3 47. Rxe6 Rxa4 48. Rd6 Bf4 49. Rd5 Re4 50. Kf2 Rxe5 51. Rxe5 Bxe5 52. Kg2 Kg6 53. Kh3 Kg5 54. Kg2 Kg4 55. Kh1 Kg3 56. Kg1 h4 57. Kh1 h3 58. Kg1 g5 59. Kh1 Bg7 60. Kg1 g4 61. Kh1 Kf2 62. Kh2 g3+ 63. Kh1 g2+ 64. Kh2 g1Q+ 65. Kxh3 Qg3# 0-1

[Event "BCF-ch PM U1750 op"]
[Site "Hull"]
[Date "2024.07.30"]
[Round "2"]
[White "Spencer, Steve A"]
[Black "Robson, Owen R"]
[Result "0-1"]
[WhiteElo "1553"]
[BlackElo "1707"]
[PlyCount "80"]
[EventDate "2024.07.29"]
[EventType "swiss"]
[EventRounds "6"]
[EventCountry "ENG"]
[SourceTitle "CBM 221 Extra"]
[Source "ChessBase"]
[SourceDate "2024.09.30"]
[SourceVersion "1"]
[SourceVersionDate "2024.09.30"]
[SourceQuality "1"]

1. d4 Nf6 2. Nf3 g6 3. c4 c5 4. Bg5 Bg7 5. Bxf6 Bxf6 6. e3 0-0 7. Nc3 d6 8. h3 Nd7 9. Bd3 Bg7 10. 0-0 Nf6 11. Rc1 Bd7 12. d5 a6 13. b3 Qa5 14. Qc2 b5 15. e4 b4 16. Nd1 Nh5 17. Re1 Qc7 18. Qd2 a5 19. g4 Nf6 20. Qg5 a4 21. e5 dxe5 22. Nxe5 axb3 23. axb3 Ra3 24. Bc2 Rfa8 25. Ne3 h6 26. Qh4 Qxe5 27. Nf5 Qf4 28. Nxe7+ Kh7 29. Qg3 Qxg3+ 30. fxg3 Ne8 31. Kg2 Ra1 32. Rxa1 Rxa1 33. Rxa1 Bxa1 34. d6 Nxd6 35. Nd5 Bc6 36. Kf3 Bxd5+ 37. cxd5 Kg7 38. Kf4 g5+ 39. Kf3 Kf6 40. h4 Ke5 0-1

[Event "BCF-ch PM U1750 op"]
[Site "Hull"]
[Date "2024.07.29"]
[Round "1"]
[White "Czarnuch, Dominic"]
[Black "Spencer, Steve A"]
[Result "1/2-1/2"]
[WhiteElo "1647"]
[BlackElo "1553"]
[PlyCount "61"]
[EventDate "2024.07.29"]
[EventType "swiss"]
[EventRounds "6"]
[EventCountry "ENG"]
[SourceTitle "CBM 221 Extra"]
[Source "ChessBase"]
[SourceDate "2024.09.30"]
[SourceVersion "1"]
[SourceVersionDate "2024.09.30"]
[SourceQuality "1"]

1. e4 e6 2. d4 d5 3. e5 c5 4. c3 Nc6 5. Nf3 cxd4 6. cxd4 Qb6 7. Nc3 Nge7 8. Bd3 a6 9. Bc2 Bd7 10. 0-0 Nb4 11. a3 Nxc2 12. Qxc2 Rc8 13. Be3 Nf5 14. Rad1 Be7 15. h3 0-0 16. Rd2 Rc4 17. Qd3 Qc7 18. Rc2 Rc8 19. Nd2 Rc6 20. g4 Nxe3 21. Qxe3 Bxa3 22. Rfc1 Bxb2 23. Rxb2 Rxc3 24. Rxc3 Qxc3 25. Qxc3 Rxc3 26. Rxb7 Be8 27. Nb3 g6 28. Nc5 a5 29. Ra7 a4 30. Ra8 Kf8 31. Nxa4 1/2-1/2

[Event "BCF-ch AM U1600 op"]
[Site "Hull"]
[Date "2024.07.29"]
[Round "1"]
[White "Ewart, Samuel"]
[Black "Spencer, Steve A"]
[Result "1-0"]
[WhiteElo "1288"]
[BlackElo "1553"]
[PlyCount "81"]
[EventDate "2024.07.29"]
[EventType "swiss"]
[EventRounds "6"]
[EventCountry "ENG"]
[SourceTitle "CBM 221 Extra"]
[Source "ChessBase"]
[SourceDate "2024.09.30"]
[SourceVersion "1"]
[SourceVersionDate "2024.09.30"]
[SourceQuality "1"]

1. d4 f5 2. c4 e6 3. Bf4 Nf6 4. Nc3 c6 5. e3 Bb4 6. Nf3 d5 7. Bd3 0-0 8. 0-0 Bxc3 9. bxc3 Ne4 10. Bxe4 fxe4 11. Ne5 Nd7 12. Qb3 Nxe5 13. Bxe5 Rf5 14. Rad1 h5 15. c5 h4 16. h3 Qe8 17. Kh2 g5 18. g4 hxg3+ 19. fxg3 Qf7 20. Rxf5 Qxf5 21. Qc2 Bd7 22. Qe2 Qf3 23. Qxf3 exf3 24. Rf1 Rf8 25. g4 b6 26. cxb6 axb6 27. Kg3 Ra8 28. Ra1 Ra3 29. Kxf3 Be8 30. Bf6 Bg6 31. Bxg5 Be4+ 32. Kf4 Kf7 33. h4 c5 34. dxc5 bxc5 35. c4 Bg2 36. cxd5 exd5 37. Ke5 Rxe3+ 38. Bxe3 c4 39. a4 c3 40. Bc1 c2 41. a5 1-0

[Event "BCF-ch Soanes U1750 op"]
[Site "Hull"]
[Date "2024.07.27"]
[Round "2"]
[White "Spencer, Steve A"]
[Black "Williams, Stephen"]
[Result "0-1"]
[WhiteElo "1553"]
[BlackElo "1587"]
[PlyCount "126"]
[EventDate "2024.07.26"]
[EventType "swiss"]
[EventRounds "5"]
[EventCountry "ENG"]
[SourceTitle "CBM 221 Extra"]
[Source "ChessBase"]
[SourceDate "2024.09.30"]
[SourceVersion "1"]
[SourceVersionDate "2024.09.30"]
[SourceQuality "1"]

1. d4 Nf6 2. Nf3 g6 3. Bg5 Bg7 4. e3 d6 5. Nbd2 h6 6. Bxf6 Bxf6 7. h3 b6 8. Bd3 Bb7 9. 0-0 Nd7 10. c3 e6 11. Re1 Qe7 12. e4 e5 13. d5 a6 14. b4 h5 15. Nh2 Bg7 16. Rf1 Bh6 17. Qe2 Nf6 18. c4 Bc8 19. a4 0-0 20. b5 a5 21. Ra3 Nd7 22. Bc2 Nc5 23. Nb3 Nd7 24. Nc1 Kh7 25. Nd3 Nc5 26. Nxc5 bxc5 27. f3 Qg5 28. Kh1 Qg3 29. Qf2 Qf4 30. g3 Qd2 31. Qxd2 Bxd2 32. Kg2 Bb4 33. Rd3 f5 34. Rb3 f4 35. g4 Rg8 36. Rd3 Bd7 37. Bd1 Kh6 38. h4 g5 39. hxg5+ Rxg5 40. Rh1 Kg6 41. Kf2 Rh8 42. Be2 hxg4 43. fxg4 Bxg4 44. Bxg4 Rxg4 45. Nxg4 Rxh1 46. Kg2 Ra1 47. Kf3 Rxa4 48. Ke2 Kg5 49. Nf2 Ra2+ 50. Kf1 Ra3 51. Rd1 Rc3 52. Ke2 Rxc4 53. Rg1+ Kf6 54. Ng4+ Ke7 55. Nh6 Rxe4+ 56. Kf3 Re3+ 57. Kf2 Rd3 58. Rg7+ Kf6 59. Rxc7 Rxd5 60. b6 Rd2+ 61. Kf3 Rd3+ 62. Ke4 c4 63. b7 d5# 0-1